[Event "Rapid Tournament (RAP)"]
[Site "Biel, CH"]
[Date "2025.07.13"]
[Round "9"]
[White "Schweizer, Simon"]
[Black "Vemparala, Nikash"]
[Result "1-0"]
[Board "5"]
[WhiteFideId "1325361"]
[BlackFideId "30960967"]
[BlackTitle "CM"]
[WhiteElo "2131"]
[BlackElo "2178"]
[WhiteTeam "JPN"]
[BlackTeam "USA"]
[WhiteClock "0:10:31"]
[BlackClock "0:02:40"]
[Variant "Standard"]

1. e4 {[%clk 0:15:07]}  e5 {[%clk 0:15:08]} 2. Nf3 {[%clk 0:15:11]}  Nc6 {[%clk 0:15:12]} 3. Nc3 {[%clk 0:15:14]}  Nf6 {[%clk 0:15:15]} 4. g3 {[%clk 0:15:18]}  d5 {[%clk 0:13:45]} 5. exd5 {[%clk 0:15:20]}  Nxd5 {[%clk 0:13:48]} 6. Bg2 {[%clk 0:15:24]}  Nxc3 {[%clk 0:13:41]} 7. bxc3 {[%clk 0:15:26]}  e4 {[%clk 0:13:07]} 8. Qe2 {[%clk 0:15:27]}  Qe7 {[%clk 0:13:11]} 9. Nd4 {[%clk 0:15:28]}  Nxd4 {[%clk 0:12:33]} 10. cxd4 {[%clk 0:15:31]}  f5 {[%clk 0:12:26]} 11. O-O {[%clk 0:15:24]}  Qd6 {[%clk 0:12:29]} 12. d3 {[%clk 0:14:58]}  Qxd4 {[%clk 0:12:02]} 13. dxe4 {[%clk 0:14:30]}  fxe4 {[%clk 0:10:01]} 14. Bxe4 {[%clk 0:14:21]}  Be7 {[%clk 0:09:18]} 15. Ba3 {[%clk 0:10:49]}  c5 {[%clk 0:07:07]} 16. c3 {[%clk 0:12:22]}  Qd6 {[%clk 0:05:53]} 17. Rad1 {[%clk 0:12:16]}  Qe6 {[%clk 0:04:47]} 18. Rfe1 {[%clk 0:12:13]}  Rb8 {[%clk 0:04:20]} 19. Bxc5 {[%clk 0:11:04]}  Bd7 {[%clk 0:03:43]} 20. Bxe7 {[%clk 0:10:49]}  Kxe7 {[%clk 0:03:43]} 21. Qd3 {[%clk 0:09:34]}  Rhd8 {[%clk 0:02:33]} 22. Bf5 {[%clk 0:10:25]}  Qxe1+ {[%clk 0:02:36]} 23. Rxe1+ {[%clk 0:10:28]}  Kf6 {[%clk 0:02:40]} 24. Bxd7 {[%clk 0:10:31]} 1-0

[Event "Rapid Tournament (RAP)"]
[Site "Biel, CH"]
[Date "2025.07.13"]
[Round "9"]
[White "Drechsler, Christoph"]
[Black "Shvedova, Alexandra"]
[Result "0-1"]
[Board "6"]
[WhiteFideId "1305280"]
[BlackFideId "54154782"]
[BlackTitle "WFM"]
[WhiteElo "2067"]
[BlackElo "2177"]
[WhiteTeam "SUI"]
[BlackTeam "ITA"]
[WhiteClock "0:00:07"]
[BlackClock "0:00:22"]
[Variant "Standard"]

1. d4 {[%clk 0:15:07]}  Nf6 {[%clk 0:15:09]} 2. Nf3 {[%clk 0:15:10]}  d5 {[%clk 0:15:12]} 3. e3 {[%clk 0:15:13]}  Bf5 {[%clk 0:14:46]} 4. c4 {[%clk 0:15:16]}  e6 {[%clk 0:13:57]} 5. Nc3 {[%clk 0:15:18]}  c6 {[%clk 0:13:44]} 6. Nh4 {[%clk 0:15:21]}  Bg4 {[%clk 0:13:15]} 7. Qb3 {[%clk 0:15:21]}  b6 {[%clk 0:12:41]} 8. h3 {[%clk 0:14:48]}  Bh5 {[%clk 0:12:31]} 9. g4 {[%clk 0:14:51]}  Ne4 {[%clk 0:09:53]} 10. Nxe4 {[%clk 0:12:47]}  dxe4 {[%clk 0:09:42]} 11. Ng2 {[%clk 0:12:36]}  Bg6 {[%clk 0:09:45]} 12. Nf4 {[%clk 0:11:49]}  Bd6 {[%clk 0:09:29]} 13. Nxg6 {[%clk 0:11:38]}  hxg6 {[%clk 0:09:32]} 14. Bg2 {[%clk 0:11:27]}  e5 {[%clk 0:08:16]} 15. Bxe4 {[%clk 0:10:10]}  exd4 {[%clk 0:06:57]} 16. exd4 {[%clk 0:10:14]}  Qe7 {[%clk 0:07:01]} 17. Qe3 {[%clk 0:10:16]}  Bb4+ {[%clk 0:06:27]} 18. Kf1 {[%clk 0:09:58]}  O-O {[%clk 0:06:05]} 19. Bf3 {[%clk 0:09:36]}  Qd7 {[%clk 0:05:40]} 20. Bd2 {[%clk 0:09:24]}  Re8 {[%clk 0:05:10]} 21. Qd3 {[%clk 0:09:27]}  Bc5 {[%clk 0:05:07]} 22. Bc3 {[%clk 0:09:11]}  Na6 {[%clk 0:04:58]} 23. Rd1 {[%clk 0:08:38]}  Rad8 {[%clk 0:04:21]} 24. a3 {[%clk 0:07:08]}  Be7 {[%clk 0:03:34]} 25. d5 {[%clk 0:04:59]}  cxd5 {[%clk 0:02:37]} 26. Bxd5 {[%clk 0:05:00]}  Bf8 {[%clk 0:01:42]} 27. Kg2 {[%clk 0:03:16]}  Nc7 {[%clk 0:01:35]} 28. Rd2 {[%clk 0:02:48]}  Ne6 {[%clk 0:01:31]} 29. Qf3 {[%clk 0:02:25]}  Qc7 {[%clk 0:01:17]} 30. Bxe6 {[%clk 0:02:07]}  Rxe6 {[%clk 0:01:21]} 31. Rxd8 {[%clk 0:02:05]}  Qxd8 {[%clk 0:01:25]} 32. Rd1 {[%clk 0:01:59]}  Qc7 {[%clk 0:01:28]} 33. Qa8 {[%clk 0:01:25]}  a5 {[%clk 0:00:34]} 34. Rd8 {[%clk 0:01:23]}  Qc6+ {[%clk 0:00:38]} 35. Qxc6 {[%clk 0:01:27]}  Rxc6 {[%clk 0:00:41]} 36. b3 {[%clk 0:01:14]}  f6 {[%clk 0:00:40]} 37. a4 {[%clk 0:00:56]}  Kf7 {[%clk 0:00:43]} 38. Bd4 {[%clk 0:00:31]}  Bd6 {[%clk 0:00:37]} 39. Rd7+ {[%clk 0:00:30]}  Kf8 {[%clk 0:00:40]} 40. Rb7 {[%clk 0:00:34]}  Bc7 {[%clk 0:00:32]} 41. Kf3 {[%clk 0:00:29]}  Ke8 {[%clk 0:00:41]} 42. Ke4 {[%clk 0:00:28]}  Kd7 {[%clk 0:00:38]} 43. Ra7 {[%clk 0:00:24]}  Re6+ {[%clk 0:00:37]} 44. Kd3 {[%clk 0:00:28]}  Kc8 {[%clk 0:00:31]} 45. c5 {[%clk 0:00:20]}  bxc5 {[%clk 0:00:27]} 46. Bxc5 {[%clk 0:00:10]}  Kb8 {[%clk 0:00:31]} 47. Kc4 {[%clk 0:00:09]}  Rc6 {[%clk 0:00:29]} 48. Kb5 {[%clk 0:00:06]}  Rxc5+ {[%clk 0:00:31]} 49. Kxc5 {[%clk 0:00:09]}  Kxa7 {[%clk 0:00:35]} 50. b4 {[%clk 0:00:08]}  axb4 {[%clk 0:00:38]} 51. Kxb4 {[%clk 0:00:13]}  Kb6 {[%clk 0:00:32]} 52. Kc4 {[%clk 0:00:16]}  Kc6 {[%clk 0:00:35]} 53. Kb4 {[%clk 0:00:18]}  Bb6 {[%clk 0:00:31]} 54. f3 {[%clk 0:00:21]}  Kd5 {[%clk 0:00:29]} 55. Kb5 {[%clk 0:00:25]}  Bg1 {[%clk 0:00:32]} 56. a5 {[%clk 0:00:21]}  Ke5 {[%clk 0:00:36]} 57. Kc6 {[%clk 0:00:25]}  Kf4 {[%clk 0:00:36]} 58. Kd7 {[%clk 0:00:20]}  Kxf3 {[%clk 0:00:36]} 59. Ke7 {[%clk 0:00:24]}  f5 {[%clk 0:00:26]} 60. Kf7 {[%clk 0:00:15]}  f4 {[%clk 0:00:25]} 61. Kxg6 {[%clk 0:00:07]}  Bd4 {[%clk 0:00:22]} 62. Kf5 {[%clk 0:00:07]}  Ke3 {[%clk 0:00:22]} 0-1

[Event "Rapid Tournament (RAP)"]
[Site "Biel, CH"]
[Date "2025.07.13"]
[Round "9"]
[White "Talwalkar, Vedant"]
[Black "Panchanathan, Magesh Chandran"]
[Result "0-1"]
[Board "7"]
[WhiteFideId "30962498"]
[BlackFideId "5007429"]
[WhiteTitle "FM"]
[BlackTitle "GM"]
[WhiteElo "2014"]
[BlackElo "2454"]
[WhiteTeam "USA"]
[BlackTeam "IND"]
[WhiteClock "0:00:30"]
[BlackClock "0:07:17"]
[Variant "Standard"]

1. e4 {[%clk 0:15:07]}  e5 {[%clk 0:15:09]} 2. Nf3 {[%clk 0:15:10]}  Nc6 {[%clk 0:15:13]} 3. Bb5 {[%clk 0:15:13]}  a6 {[%clk 0:15:13]} 4. Ba4 {[%clk 0:15:17]}  Nf6 {[%clk 0:15:15]} 5. d3 {[%clk 0:15:21]}  d6 {[%clk 0:15:19]} 6. c3 {[%clk 0:15:25]}  Be7 {[%clk 0:15:23]} 7. O-O {[%clk 0:15:27]}  O-O {[%clk 0:15:26]} 8. Re1 {[%clk 0:15:29]}  h6 {[%clk 0:15:20]} 9. Nbd2 {[%clk 0:15:24]}  Bd7 {[%clk 0:15:23]} 10. Nf1 {[%clk 0:15:24]}  Re8 {[%clk 0:15:24]} 11. Ne3 {[%clk 0:14:56]}  Bf8 {[%clk 0:15:18]} 12. b4 {[%clk 0:11:59]}  b5 {[%clk 0:14:52]} 13. Bb3 {[%clk 0:12:02]}  a5 {[%clk 0:14:48]} 14. Bd2 {[%clk 0:11:38]}  a4 {[%clk 0:14:25]} 15. Bc2 {[%clk 0:11:41]}  Be6 {[%clk 0:14:09]} 16. d4 {[%clk 0:11:28]}  exd4 {[%clk 0:14:12]} 17. Nxd4 {[%clk 0:11:28]}  Bd7 {[%clk 0:13:25]} 18. Nef5 {[%clk 0:09:43]}  Nxd4 {[%clk 0:13:00]} 19. cxd4 {[%clk 0:09:43]}  Bxf5 {[%clk 0:12:59]} 20. exf5 {[%clk 0:09:47]}  Rxe1+ {[%clk 0:12:22]} 21. Bxe1 {[%clk 0:09:14]}  Qd7 {[%clk 0:12:26]} 22. Qf3 {[%clk 0:09:08]}  d5 {[%clk 0:12:29]} 23. a3 {[%clk 0:08:38]}  Re8 {[%clk 0:12:32]} 24. Bd2 {[%clk 0:08:39]}  Ne4 {[%clk 0:12:28]} 25. Be3 {[%clk 0:07:49]}  Qc6 {[%clk 0:11:34]} 26. Rc1 {[%clk 0:05:27]}  Qf6 {[%clk 0:11:33]} 27. Bd3 {[%clk 0:04:50]}  c6 {[%clk 0:11:36]} 28. h3 {[%clk 0:04:01]}  Qd6 {[%clk 0:11:10]} 29. Bf4 {[%clk 0:03:55]}  Qd7 {[%clk 0:11:06]} 30. Re1 {[%clk 0:03:10]}  Qxf5 {[%clk 0:10:44]} 31. Be5 {[%clk 0:02:14]}  Qxf3 {[%clk 0:10:00]} 32. gxf3 {[%clk 0:01:08]}  Nd2 {[%clk 0:08:00]} 33. Re3 {[%clk 0:01:22]}  Nc4 {[%clk 0:07:48]} 34. Bxc4 {[%clk 0:01:20]}  dxc4 {[%clk 0:07:41]} 35. Rc3 {[%clk 0:00:45]}  Rd8 {[%clk 0:07:35]} 36. Kf1 {[%clk 0:00:18]}  f6 {[%clk 0:07:38]} 37. Bf4 {[%clk 0:00:22]}  Rxd4 {[%clk 0:07:40]} 38. Be3 {[%clk 0:00:26]}  Rd1+ {[%clk 0:07:25]} 39. Ke2 {[%clk 0:00:30]}  Rb1 {[%clk 0:07:17]} 0-1

[Event "Rapid Tournament (RAP)"]
[Site "Biel, CH"]
[Date "2025.07.13"]
[Round "9"]
[White "Gruenfeld, Yehuda"]
[Black "Bai, Xue"]
[Result "1/2-1/2"]
[Board "8"]
[WhiteFideId "2800020"]
[BlackFideId "8608717"]
[WhiteTitle "GM"]
[WhiteElo "2308"]
[BlackElo "2035"]
[WhiteTeam "ISR"]
[BlackTeam "CHN"]
[WhiteClock "0:03:55"]
[BlackClock "0:02:33"]
[Variant "Standard"]

1. e4 {[%clk 0:15:07]}  e5 {[%clk 0:15:09]} 2. Nf3 {[%clk 0:15:11]}  Nc6 {[%clk 0:15:13]} 3. Bb5 {[%clk 0:15:15]}  a6 {[%clk 0:15:16]} 4. Ba4 {[%clk 0:15:19]}  Nf6 {[%clk 0:15:19]} 5. d3 {[%clk 0:15:17]}  b5 {[%clk 0:15:19]} 6. Bb3 {[%clk 0:15:22]}  Be7 {[%clk 0:15:22]} 7. O-O {[%clk 0:15:20]}  d6 {[%clk 0:15:24]} 8. c3 {[%clk 0:15:23]}  Na5 {[%clk 0:15:24]} 9. Bc2 {[%clk 0:15:27]}  c5 {[%clk 0:15:28]} 10. Re1 {[%clk 0:15:25]}  Nc6 {[%clk 0:15:30]} 11. Nbd2 {[%clk 0:15:28]}  O-O {[%clk 0:15:12]} 12. Nf1 {[%clk 0:15:22]}  h6 {[%clk 0:15:18]} 13. Ng3 {[%clk 0:15:28]}  Nh7 {[%clk 0:15:13]} 14. h3 {[%clk 0:15:03]}  Ng5 {[%clk 0:15:01]} 15. Nh2 {[%clk 0:15:07]}  d5 {[%clk 0:14:48]} 16. Qe2 {[%clk 0:14:34]}  d4 {[%clk 0:13:53]} 17. Nf5 {[%clk 0:14:36]}  Bxf5 {[%clk 0:11:33]} 18. exf5 {[%clk 0:14:40]}  Qd7 {[%clk 0:11:19]} 19. h4 {[%clk 0:14:23]}  Nh7 {[%clk 0:11:16]} 20. Qg4 {[%clk 0:14:18]}  Nf6 {[%clk 0:11:11]} 21. Qf3 {[%clk 0:14:21]}  c4 {[%clk 0:09:02]} 22. Ng4 {[%clk 0:12:18]}  Nxg4 {[%clk 0:10:27]} 23. Qxg4 {[%clk 0:12:21]}  Kh8 {[%clk 0:10:27]} 24. Qe4 {[%clk 0:12:15]}  f6 {[%clk 0:10:04]} 25. dxc4 {[%clk 0:12:06]}  Bc5 {[%clk 0:09:02]} 26. cxb5 {[%clk 0:11:22]}  axb5 {[%clk 0:09:06]} 27. Bb3 {[%clk 0:11:25]}  Rad8 {[%clk 0:08:31]} 28. Be6 {[%clk 0:10:52]}  Qd6 {[%clk 0:08:35]} 29. Rd1 {[%clk 0:10:43]}  Rfe8 {[%clk 0:08:29]} 30. a4 {[%clk 0:10:27]}  b4 {[%clk 0:08:25]} 31. cxb4 {[%clk 0:10:24]}  Nxb4 {[%clk 0:08:06]} 32. Bd2 {[%clk 0:10:11]}  Re7 {[%clk 0:07:28]} 33. Rac1 {[%clk 0:09:30]}  Rc7 {[%clk 0:06:47]} 34. a5 {[%clk 0:08:58]}  Rb8 {[%clk 0:06:37]} 35. Rc4 {[%clk 0:08:48]}  Na6 {[%clk 0:06:28]} 36. Bc1 {[%clk 0:08:19]}  Bb4 {[%clk 0:06:11]} 37. b3 {[%clk 0:07:38]}  Bxa5 {[%clk 0:05:43]} 38. Qd5 {[%clk 0:07:24]}  Qxd5 {[%clk 0:05:37]} 39. Bxd5 {[%clk 0:07:29]}  Nb4 {[%clk 0:05:10]} 40. Rxc7 {[%clk 0:07:25]}  Bxc7 {[%clk 0:05:14]} 41. Bc4 {[%clk 0:07:20]}  Ra8 {[%clk 0:05:08]} 42. Bd2 {[%clk 0:07:22]}  Bd6 {[%clk 0:05:03]} 43. Rc1 {[%clk 0:06:53]}  e4 {[%clk 0:04:57]} 44. Bxb4 {[%clk 0:06:28]}  Bxb4 {[%clk 0:05:00]} 45. Bd5 {[%clk 0:06:32]}  Re8 {[%clk 0:05:03]} 46. Rc4 {[%clk 0:06:35]}  Bc3 {[%clk 0:05:01]} 47. Kf1 {[%clk 0:06:34]}  Bb2 {[%clk 0:04:23]} 48. Ke1 {[%clk 0:05:41]}  e3 {[%clk 0:03:52]} 49. fxe3 {[%clk 0:05:34]}  Rxe3+ {[%clk 0:03:21]} 50. Kf2 {[%clk 0:05:38]}  Re8 {[%clk 0:03:21]} 51. Be6 {[%clk 0:05:02]}  g5 {[%clk 0:03:10]} 52. h5 {[%clk 0:04:55]}  Rd8 {[%clk 0:03:10]} 53. Ke2 {[%clk 0:04:55]}  d3+ {[%clk 0:03:04]} 54. Kd2 {[%clk 0:04:58]}  Be5 {[%clk 0:03:07]} 55. Rc8 {[%clk 0:03:52]}  Bf4+ {[%clk 0:03:11]} 56. Kd1 {[%clk 0:03:53]}  Rxc8 {[%clk 0:03:14]} 57. Bxc8 {[%clk 0:03:57]}  Kg7 {[%clk 0:03:15]} 58. Ba6 {[%clk 0:03:42]}  d2 {[%clk 0:03:17]} 59. g3 {[%clk 0:03:41]}  Bxg3 {[%clk 0:03:01]} 60. Kxd2 {[%clk 0:03:45]}  Bf4+ {[%clk 0:02:59]} 61. Kd3 {[%clk 0:03:47]}  Kf7 {[%clk 0:02:59]} 62. Ke4 {[%clk 0:03:50]}  Ke7 {[%clk 0:03:01]} 63. Kd5 {[%clk 0:03:51]}  g4 {[%clk 0:02:57]} 64. Bf1 {[%clk 0:03:54]}  Kd7 {[%clk 0:02:41]} 65. b4 {[%clk 0:03:55]}  Kc7 {[%clk 0:02:33]} 1/2-1/2

[Event "Rapid Tournament (RAP)"]
[Site "Biel, CH"]
[Date "2025.07.13"]
[Round "9"]
[White "Federer, Colin"]
[Black "Maier, Christian"]
[Result "1/2-1/2"]
[Board "9"]
[WhiteFideId "1345117"]
[BlackFideId "4601955"]
[WhiteTitle "FM"]
[BlackTitle "IM"]
[WhiteElo "2055"]
[BlackElo "2250"]
[WhiteTeam "SUI"]
[BlackTeam "GER"]
[WhiteClock "0:00:52"]
[BlackClock "0:03:31"]
[Variant "Standard"]

1. e4 {[%clk 0:15:05]}  e5 {[%clk 0:15:08]} 2. Nf3 {[%clk 0:15:08]}  Nc6 {[%clk 0:15:12]} 3. Bc4 {[%clk 0:15:11]}  Bc5 {[%clk 0:15:15]} 4. d3 {[%clk 0:15:15]}  Nf6 {[%clk 0:15:13]} 5. Bg5 {[%clk 0:15:17]}  h6 {[%clk 0:15:15]} 6. Bh4 {[%clk 0:15:20]}  g5 {[%clk 0:15:07]} 7. Bg3 {[%clk 0:15:19]}  d6 {[%clk 0:15:11]} 8. c3 {[%clk 0:15:22]}  Qe7 {[%clk 0:15:10]} 9. Nbd2 {[%clk 0:15:24]}  a6 {[%clk 0:15:06]} 10. O-O {[%clk 0:15:25]}  Ba7 {[%clk 0:15:10]} 11. Kh1 {[%clk 0:15:26]}  Bg4 {[%clk 0:15:06]} 12. a4 {[%clk 0:14:56]}  h5 {[%clk 0:14:51]} 13. h4 {[%clk 0:14:53]}  Nh7 {[%clk 0:14:38]} 14. b4 {[%clk 0:13:43]}  Nd8 {[%clk 0:14:31]} 15. b5 {[%clk 0:12:23]}  Ne6 {[%clk 0:14:20]} 16. bxa6 {[%clk 0:12:17]}  bxa6 {[%clk 0:14:18]} 17. Bd5 {[%clk 0:12:08]}  Rd8 {[%clk 0:13:48]} 18. Rb1 {[%clk 0:11:42]}  Nf4 {[%clk 0:13:51]} 19. Rb7 {[%clk 0:10:53]}  Bb8 {[%clk 0:13:36]} 20. Bc6+ {[%clk 0:10:36]}  Kf8 {[%clk 0:13:40]} 21. d4 {[%clk 0:10:31]}  Ng6 {[%clk 0:13:25]} 22. Qb3 {[%clk 0:10:16]}  Kg7 {[%clk 0:13:27]} 23. hxg5 {[%clk 0:10:05]}  Nxg5 {[%clk 0:13:28]} 24. Nh4 {[%clk 0:10:05]}  Nxe4 {[%clk 0:07:31]} 25. Nxg6 {[%clk 0:08:38]}  Nxg3+ {[%clk 0:09:07]} 26. fxg3 {[%clk 0:08:40]}  fxg6 {[%clk 0:09:10]} 27. Bd5 {[%clk 0:08:16]}  Bf5 {[%clk 0:09:12]} 28. Nf3 {[%clk 0:08:05]}  e4 {[%clk 0:07:10]} 29. Nh4 {[%clk 0:07:07]}  Rhf8 {[%clk 0:07:14]} 30. Nxf5+ {[%clk 0:05:34]}  gxf5 {[%clk 0:07:16]} 31. Be6 {[%clk 0:05:29]}  h4 {[%clk 0:06:54]} 32. g4 {[%clk 0:04:50]}  fxg4 {[%clk 0:06:53]} 33. Rxf8 {[%clk 0:04:47]}  Qxf8 {[%clk 0:06:50]} 34. Qd1 {[%clk 0:04:42]}  Qf4 {[%clk 0:06:19]} 35. Qxg4+ {[%clk 0:03:36]}  Qxg4 {[%clk 0:06:22]} 36. Bxg4 {[%clk 0:03:40]}  d5 {[%clk 0:06:05]} 37. Be2 {[%clk 0:03:41]}  a5 {[%clk 0:05:44]} 38. Rb5 {[%clk 0:03:38]}  c6 {[%clk 0:05:36]} 39. Rxa5 {[%clk 0:03:27]}  Bg3 {[%clk 0:05:40]} 40. Ra7+ {[%clk 0:03:12]}  Kf8 {[%clk 0:04:57]} 41. Rb7 {[%clk 0:01:54]}  Ra8 {[%clk 0:04:50]} 42. Bd1 {[%clk 0:01:54]}  Be1 {[%clk 0:04:45]} 43. Rh7 {[%clk 0:01:20]}  Kg8 {[%clk 0:04:49]} 44. Rc7 {[%clk 0:01:21]}  Bxc3 {[%clk 0:04:46]} 45. Rxc6 {[%clk 0:01:24]}  Bxd4 {[%clk 0:04:49]} 46. Rd6 {[%clk 0:01:23]}  Rf8 {[%clk 0:03:59]} 47. Be2 {[%clk 0:00:56]}  Rf5 {[%clk 0:03:31]} 48. Rxd5 {[%clk 0:00:52]} 1/2-1/2

[Event "Rapid Tournament (RAP)"]
[Site "Biel, CH"]
[Date "2025.07.13"]
[Round "9"]
[White "Rohrer, Christophe"]
[Black "Mueller, Konstantin"]
[Result "1/2-1/2"]
[Board "10"]
[WhiteFideId "1326546"]
[BlackFideId "34661778"]
[WhiteTitle "FM"]
[WhiteElo "2201"]
[BlackElo "1798"]
[WhiteTeam "SUI"]
[BlackTeam "GER"]
[WhiteClock "0:01:36"]
[BlackClock "0:02:21"]
[Variant "Standard"]

1. e4 {[%clk 0:15:07]}  e5 {[%clk 0:15:09]} 2. Nf3 {[%clk 0:15:11]}  Nc6 {[%clk 0:15:12]} 3. Bb5 {[%clk 0:15:14]}  Nf6 {[%clk 0:15:14]} 4. O-O {[%clk 0:15:14]}  Nxe4 {[%clk 0:15:14]} 5. Re1 {[%clk 0:15:13]}  Nd6 {[%clk 0:15:10]} 6. Nxe5 {[%clk 0:15:14]}  Nxe5 {[%clk 0:15:13]} 7. Rxe5+ {[%clk 0:15:17]}  Be7 {[%clk 0:15:17]} 8. Bf1 {[%clk 0:15:10]}  O-O {[%clk 0:15:19]} 9. Nc3 {[%clk 0:15:07]}  Bf6 {[%clk 0:15:14]} 10. Re1 {[%clk 0:15:06]}  c6 {[%clk 0:14:31]} 11. d4 {[%clk 0:15:00]}  Re8 {[%clk 0:14:24]} 12. Bf4 {[%clk 0:14:03]}  Rxe1 {[%clk 0:10:55]} 13. Qxe1 {[%clk 0:14:06]}  Nf5 {[%clk 0:10:59]} 14. d5 {[%clk 0:13:49]}  d6 {[%clk 0:10:22]} 15. Bd3 {[%clk 0:11:29]}  Ne7 {[%clk 0:09:09]} 16. dxc6 {[%clk 0:08:51]}  bxc6 {[%clk 0:08:39]} 17. Ne4 {[%clk 0:08:35]}  Be5 {[%clk 0:06:50]} 18. Bxe5 {[%clk 0:08:30]}  dxe5 {[%clk 0:06:54]} 19. Bc4 {[%clk 0:07:58]}  Nd5 {[%clk 0:05:49]} 20. Rd1 {[%clk 0:06:43]}  Qe7 {[%clk 0:05:15]} 21. Bxd5 {[%clk 0:06:17]}  cxd5 {[%clk 0:05:18]} 22. Rxd5 {[%clk 0:06:20]}  Bb7 {[%clk 0:05:01]} 23. Ra5 {[%clk 0:05:52]}  a6 {[%clk 0:04:35]} 24. Nc5 {[%clk 0:05:30]}  f6 {[%clk 0:04:03]} 25. Nxb7 {[%clk 0:05:26]}  Qxb7 {[%clk 0:04:06]} 26. Qc3 {[%clk 0:04:51]}  Rc8 {[%clk 0:03:48]} 27. Rc5 {[%clk 0:02:41]}  Rxc5 {[%clk 0:03:51]} 28. Qxc5 {[%clk 0:02:45]}  Qxb2 {[%clk 0:03:54]} 29. Qc4+ {[%clk 0:02:47]}  Kf8 {[%clk 0:03:54]} 30. Qxa6 {[%clk 0:02:33]}  Qb1+ {[%clk 0:03:43]} 31. Qf1 {[%clk 0:02:37]}  Qxa2 {[%clk 0:03:45]} 32. Qc1 {[%clk 0:02:10]}  Qc4 {[%clk 0:03:16]} 33. Qa3+ {[%clk 0:02:06]}  Ke8 {[%clk 0:03:05]} 34. Qb3 {[%clk 0:02:00]}  Qe4 {[%clk 0:02:15]} 35. Qg8+ {[%clk 0:01:58]}  Ke7 {[%clk 0:02:18]} 36. Qxg7+ {[%clk 0:02:01]}  Ke6 {[%clk 0:02:22]} 37. Qg8+ {[%clk 0:01:36]}  Ke7 {[%clk 0:02:21]} 1/2-1/2

[Event "Rapid Tournament (RAP)"]
[Site "Biel, CH"]
[Date "2025.07.13"]
[Round "9"]
[White "Gao, Kai"]
[Black "Harish, Neeraj"]
[Result "1-0"]
[Board "11"]
[WhiteFideId "8607770"]
[BlackFideId "30958130"]
[BlackTitle "CM"]
[WhiteElo "1906"]
[BlackElo "2175"]
[WhiteTeam "CHN"]
[BlackTeam "USA"]
[WhiteClock "0:01:50"]
[BlackClock "0:03:35"]
[Variant "Standard"]

1. e4 {[%clk 0:15:08]}  c5 {[%clk 0:15:09]} 2. Nf3 {[%clk 0:15:12]}  e6 {[%clk 0:15:12]} 3. d4 {[%clk 0:15:16]}  cxd4 {[%clk 0:15:16]} 4. Nxd4 {[%clk 0:15:20]}  Nf6 {[%clk 0:15:18]} 5. Nc3 {[%clk 0:15:24]}  Nc6 {[%clk 0:15:21]} 6. Ndb5 {[%clk 0:15:27]}  Bc5 {[%clk 0:15:14]} 7. Nd6+ {[%clk 0:15:21]}  Ke7 {[%clk 0:15:18]} 8. Bf4 {[%clk 0:15:15]}  e5 {[%clk 0:15:21]} 9. Nf5+ {[%clk 0:15:17]}  Kf8 {[%clk 0:15:25]} 10. Be3 {[%clk 0:15:05]}  Bb4 {[%clk 0:15:22]} 11. Bd3 {[%clk 0:14:55]}  d6 {[%clk 0:15:00]} 12. O-O {[%clk 0:13:54]}  Bxf5 {[%clk 0:14:39]} 13. exf5 {[%clk 0:13:59]}  d5 {[%clk 0:13:52]} 14. Ne2 {[%clk 0:13:05]}  h6 {[%clk 0:14:10]} 15. c3 {[%clk 0:12:57]}  Bd6 {[%clk 0:14:13]} 16. Bc2 {[%clk 0:11:52]}  Qd7 {[%clk 0:13:46]} 17. h3 {[%clk 0:11:28]}  Kg8 {[%clk 0:12:27]} 18. Ng3 {[%clk 0:08:36]}  Kh7 {[%clk 0:11:59]} 19. Nh5 {[%clk 0:08:31]}  Qe7 {[%clk 0:11:58]} 20. Nxf6+ {[%clk 0:08:26]}  Qxf6 {[%clk 0:12:01]} 21. Qxd5 {[%clk 0:08:29]}  Rad8 {[%clk 0:11:38]} 22. Qb5 {[%clk 0:08:14]}  Rd7 {[%clk 0:11:31]} 23. Rad1 {[%clk 0:08:17]}  a6 {[%clk 0:11:28]} 24. Qb3 {[%clk 0:08:06]}  Re8 {[%clk 0:10:17]} 25. Be4 {[%clk 0:08:02]}  Rc8 {[%clk 0:09:23]} 26. Rd2 {[%clk 0:07:50]}  Na5 {[%clk 0:09:22]} 27. Qa4 {[%clk 0:07:51]}  Nc6 {[%clk 0:09:14]} 28. Rfd1 {[%clk 0:07:54]}  h5 {[%clk 0:06:32]} 29. Bc5 {[%clk 0:07:27]}  Rcd8 {[%clk 0:06:35]} 30. Bb6 {[%clk 0:05:40]}  Rc8 {[%clk 0:06:39]} 31. c4 {[%clk 0:04:49]}  Bc7 {[%clk 0:05:00]} 32. Rxd7 {[%clk 0:05:14]}  Bxb6 {[%clk 0:05:04]} 33. Bxc6 {[%clk 0:02:33]}  Rxc6 {[%clk 0:05:05]} 34. Qc2 {[%clk 0:02:32]}  Bd4 {[%clk 0:04:56]} 35. Rxb7 {[%clk 0:02:20]}  h4 {[%clk 0:04:19]} 36. b3 {[%clk 0:02:21]}  Rc8 {[%clk 0:04:03]} 37. Rd7 {[%clk 0:02:09]}  Kg8 {[%clk 0:04:03]} 38. Qe4 {[%clk 0:02:12]}  Qb6 {[%clk 0:03:48]} 39. R7xd4 {[%clk 0:02:10]}  exd4 {[%clk 0:03:51]} 40. Rxd4 {[%clk 0:02:06]}  Qa5 {[%clk 0:03:50]} 41. f6 {[%clk 0:01:41]}  Qxa2 {[%clk 0:03:35]} 42. Qg4 {[%clk 0:01:47]}  g6 {[%clk 0:03:35]} 43. Qxc8+ {[%clk 0:01:50]} 1-0